000 00809nam a22002297a 4500
999 _c8231
_d8231
003 AR-CdUCM
008 190322b ||||| |||| 00| 0 spa d
020 _a84-205-0734-2
040 _aMUNICIPALIDAD PROVINCIAL DEL CUSCO
_cBIBLIOTECA MUNICIPAL DEL CUSCO
082 _a709.46 /
_bY29
100 _aBuendía, Rogelio
_923175
245 _aHistoria del Arte Hispánico :
_bII La edad media /
260 _aMadrid :
_bAlhambra,
_c1978.
300 _a593 paginas ;
_bIlustraciones,
_c23 cm.
440 _aHistoria del Arte Hispanico
_923153
505 _aContenido :Crisis de la antigüedad y predominio musulmán --L a recuperación de Occidente --Los siglos del gótico /
650 _aArte español
_91648
650 _aHistoria
_943870
650 _aEspaña
_9176
942 _2ddc
_cLIBROS
945 _arjall